[Event "IX Floripa Chess Open Fort Atacadista"]
[Site "Florianópolis - Santa Catari"]
[Date "2023.01.26"]
[Round "5.204"]
[White "Miranda, Bianca"]
[Black "Gomes, Joao Paulo Santos"]
[Result "0-1"]
[WhiteElo "1800"]
[BlackElo "1492"]
[PlyCount "44"]
[EventDate "2023.01.23"]
[EventRounds "10"]
[EventCountry "BRA"]

1. e4 c5 2. Nf3 d6 3. d4 cxd4 4. Nxd4 Nf6 5. Nc3 g6 6. Be2 Bg7 7. Be3 Nc6 8.
Qd2 O-O 9. f3 d5 10. exd5 Nxd5 11. Nxd5 Qxd5 12. c3 Nxd4 13. Bxd4 Rd8 14. Rd1
Qxa2 15. O-O e5 16. Ra1 Qe6 17. f4 exd4 18. f5 Qe3+ 19. Qxe3 dxe3 20. fxg6 hxg6
21. Rad1 Be6 22. Bf3 Rd2 0-1

[Event "IX Floripa Chess Open Fort Atacadista"]
[Site "Florianópolis - Santa Catari"]
[Date "2023.01.26"]
[Round "5.206"]
[White "Sarda, Pedro Sada"]
[Black "Tischler Lema Garcia, Maria Eduarda"]
[Result "1-0"]
[WhiteElo "1755"]
[BlackElo "1246"]
[PlyCount "49"]
[EventDate "2023.01.23"]
[EventRounds "10"]
[EventCountry "BRA"]

1. d4 d5 2. Nf3 Nf6 3. c4 e6 4. Nc3 Be7 5. Bf4 O-O 6. e3 Nbd7 7. Rc1 b6 8. Bd3
Bb7 9. O-O c5 10. Qe2 Rc8 11. Ne5 cxd4 12. exd4 Nxe5 13. dxe5 Nd7 14. cxd5 Bxd5
15. Nxd5 exd5 16. Qh5 g6 17. Qh3 Re8 18. Bb5 Rxc1 19. Rxc1 a6 20. Bxd7 Rf8 21.
Rc8 Qxc8 22. Bxc8 d4 23. Bxa6 Ra8 24. Bc4 b5 25. Bb3 1-0

[Event "IX Floripa Chess Open Fort Atacadista"]
[Site "Florianópolis - Santa Catari"]
[Date "2023.01.26"]
[Round "5.207"]
[White "Sombrio, Otto De Henrique"]
[Black "Presa, Luis Alberto Passos"]
[Result "1/2-1/2"]
[WhiteElo "1239"]
[BlackElo "1733"]
[PlyCount "73"]
[EventDate "2023.01.23"]
[EventRounds "10"]
[EventCountry "BRA"]

1. e4 c5 2. Nf3 d6 3. d4 cxd4 4. Nxd4 Nf6 5. Nc3 a6 6. Bg5 e6 7. f4 Be7 8. Qf3
Nbd7 9. O-O-O Qc7 10. g4 Rb8 11. Bxf6 Bxf6 12. g5 Be7 13. f5 Bxg5+ 14. Kb1 Ne5
15. Qh5 Bf6 16. fxe6 g6 17. exf7+ Qxf7 18. Qe2 Bg4 19. Qd2 Bxd1 20. Qxd1 O-O
21. Be2 Rbc8 22. h4 Nc6 23. Nxc6 Rxc6 24. Nd5 Qg7 25. c3 Be5 26. h5 Rf7 27. Bg4
Kf8 28. Qe2 Rf4 29. Nxf4 Bxf4 30. hxg6 hxg6 31. Qf3 Qe5 32. Rh7 Rc4 33. Rxb7
Rxe4 34. Kc2 Qd5 35. Rb8+ Ke7 36. Qh3 Qd2+ 37. Kb3 1/2-1/2

[Event "IX Floripa Chess Open Fort Atacadista"]
[Site "Florianópolis - Santa Catari"]
[Date "2023.01.26"]
[Round "5.208"]
[White "Souza Jr, Helemberg Cubica De"]
[Black "Guerra, Frederico Cavalcant"]
[Result "0-1"]
[WhiteElo "1720"]
[BlackElo "1239"]
[PlyCount "84"]
[EventDate "2023.01.23"]
[EventRounds "10"]
[EventCountry "BRA"]

1. e4 e6 2. d4 d5 3. Nc3 Nf6 4. Bg5 Be7 5. e5 Nfd7 6. Bxe7 Qxe7 7. Nf3 a6 8.
Bd3 c5 9. dxc5 Nxc5 10. O-O Nxd3 11. cxd3 O-O 12. Rc1 Nc6 13. d4 Bd7 14. Na4
Qb4 15. Nc5 Bc8 16. Rc2 Ne7 17. Qd3 b6 18. Nb3 a5 19. Rfc1 Ba6 20. Qd1 Nf5 21.
Rc7 a4 22. Nbd2 Nxd4 23. Nxd4 Qxd4 24. Nf3 Qxb2 25. Qxa4 h6 26. Qd7 Bc4 27.
R7xc4 dxc4 28. Qd1 Rfd8 29. Qe1 Qxa2 30. h3 b5 31. Qb4 Qa3 32. Qb1 Rdc8 33. Nd4
b4 34. Nb5 Qa4 35. Nd6 Rc7 36. Rxc4 Rxc4 37. Nxc4 Qa1 38. Qxa1 Rxa1+ 39. Kh2 b3
40. Kg3 Rc1 41. Nb2 Rc2 42. Nd1 b2 0-1

[Event "IX Floripa Chess Open Fort Atacadista"]
[Site "Florianópolis - Santa Catari"]
[Date "2023.01.26"]
[Round "5.209"]
[White "Marcal Braganca, Joao Victor"]
[Black "Orlandi Neto, Aristides"]
[Result "1/2-1/2"]
[WhiteElo "1235"]
[BlackElo "1684"]
[PlyCount "155"]
[EventDate "2023.01.23"]
[EventRounds "10"]
[EventCountry "BRA"]

1. d4 Nf6 2. Nf3 g6 3. Bf4 Bg7 4. c4 O-O 5. e3 d6 6. h3 Nbd7 7. Be2 c5 8. O-O
b6 9. Nc3 Bb7 10. d5 Nh5 11. Bh2 f5 12. Ng5 Bxc3 13. Ne6 Qe8 14. Nxf8 Nxf8 15.
bxc3 Nf6 16. a4 N8d7 17. Qc2 e5 18. dxe6 Qxe6 19. Rfd1 Ne5 20. Bxe5 dxe5 21. a5
Qc6 22. f3 Nh5 23. axb6 axb6 24. Rxa8+ Bxa8 25. Rd5 Qf6 26. Rd7 Bc6 27. Rc7 f4
28. e4 Be8 29. Qd3 Bc6 30. Rc8+ Kg7 31. Qd8 Ba4 32. Qxf6+ Nxf6 33. Rb8 Nd7 34.
Rb7 Kf6 35. Bd1 Bxd1 36. Rxd7 Be2 37. Rd6+ Kg5 38. Rxb6 Kh4 39. Kh2 h5 40. Kg1
g5 41. Rb5 g4 42. hxg4 hxg4 43. Kf2 gxf3 44. gxf3 Bxc4 45. Rxc5 Bb3 46. Rxe5
Ba2 47. Rc5 Be6 48. e5 Kg5 49. Ke2 Kf5 50. Kd3 Bb3 51. Kd2 Be6 52. Rb5 Bd7 53.
Ra5 Bc6 54. Ke2 Bd7 55. c4 Be6 56. Kd3 Bd7 57. Kd4 Bc6 58. Ra3 Be8 59. c5 Bc6
60. Rb3 Ba8 61. Rb6 Bxf3 62. c6 Ke6 63. Kc5 Kxe5 64. c7 Bg4 65. Rg6 Bh3 66.
Rg5+ Ke4 67. Kd6 f3 68. Re5+ Kf4 69. Re6 Bxe6 70. Kxe6 f2 71. c8=Q Kg3 72. Qg8+
Kh2 73. Qh7+ Kg1 74. Qg6+ Kh1 75. Qe4+ Kg1 76. Qg4+ Kh1 77. Qf3+ Kg1 78. Qg3+
1/2-1/2

[Event "IX Floripa Chess Open Fort Atacadista"]
[Site "Florianópolis - Santa Catari"]
[Date "2023.01.26"]
[Round "5.210"]
[White "Born, Ary"]
[Black "Monteiro, Daniel Zotelli"]
[Result "0-1"]
[WhiteElo "1227"]
[BlackElo "1642"]
[PlyCount "126"]
[EventDate "2023.01.23"]
[EventRounds "10"]
[EventCountry "BRA"]

1. d4 d5 2. Bf4 Nf6 3. Nf3 Bg4 4. Nbd2 e6 5. c3 Bd6 6. Bg5 Nbd7 7. Ne5 Nxe5 8.
dxe5 Bxe5 9. Bxf6 gxf6 10. Qa4+ Ke7 11. Qxg4 c5 12. Nb3 Qb6 13. Rb1 Qc6 14. Nd2
Rhg8 15. Qf3 f5 16. e3 b5 17. Qe2 a6 18. Nf3 Bc7 19. a4 Rab8 20. h4 bxa4 21.
Qxa6 Qxa6 22. Bxa6 c4 23. Nd4 Rb6 24. Nb5 Bb8 25. Ke2 Rxa6 26. Nd4 Bd6 27. Kf3
h5 28. g3 Rb8 29. Rhd1 Kf6 30. Ke2 Rab6 31. Rd2 Bc5 32. Nc2 Rxb2 33. Rxb2 Rxb2
34. Nb4 Rxd2+ 35. Kxd2 Bxb4 36. cxb4 Ke5 37. b5 Kd6 38. f3 Kc5 39. g4 fxg4 40.
fxg4 hxg4 41. h5 g3 42. h6 g2 43. h7 g1=Q 44. h8=Q Qf2+ 45. Kd1 Qf1+ 46. Kd2
Qd3+ 47. Ke1 Qxe3+ 48. Kf1 Qf4+ 49. Kg2 Kxb5 50. Qb2+ Kc5 51. Qa3+ Kd4 52. Qa1+
Ke4 53. Qb1+ Ke5 54. Qb8+ Kf5 55. Qa7 Kf6 56. Qa5 Kg6 57. Qxa4 Qe4+ 58. Kf1 c3
59. Qxe4+ dxe4 60. Ke2 Kf5 61. Ke3 Ke5 62. Ke2 Kd4 63. Ke1 Kd3 0-1

[Event "IX Floripa Chess Open Fort Atacadista"]
[Site "Florianópolis - Santa Catari"]
[Date "2023.01.26"]
[Round "5.211"]
[White "Stival Da Silva, Javier Rodrigo"]
[Black "Esquinelato, Marcos Vinicius Mol"]
[Result "1-0"]
[WhiteElo "1640"]
[BlackElo "1237"]
[PlyCount "83"]
[EventDate "2023.01.23"]
[EventRounds "10"]
[EventCountry "BRA"]

1. e4 c5 2. Nf3 d6 3. d4 cxd4 4. Nxd4 Nf6 5. Nc3 a6 6. Be3 e6 7. f3 Be7 8. Qd2
Bd7 9. O-O-O Nc6 10. g4 Ne5 11. h4 b5 12. b3 Qc7 13. Kb1 Bc6 14. Nxc6 Nxf3 15.
Qf2 Qxc6 16. Qxf3 Qxc3 17. e5 Nd5 18. Rd3 Qxe5 19. Bd4 Qf4 20. Bg2 Rc8 21. Qe2
Qxd4 22. Bxd5 Qe5 23. Qxe5 dxe5 24. Bb7 Rc7 25. Bxa6 O-O 26. Bxb5 Rfc8 27. Bd7
e4 28. Rdd1 Ra8 29. g5 Raa7 30. Bb5 f5 31. Bc4 Kf7 32. Rhf1 g6 33. Rde1 Kg7 34.
Bxe6 Ra3 35. Rf2 Rc6 36. Bd5 Rc3 37. Kb2 Rh3 38. Rxe4 fxe4 39. Rf7+ Kh8 40.
Rxe7 Ra5 41. Re8+ Kg7 42. Rg8# 1-0

[Event "IX Floripa Chess Open Fort Atacadista"]
[Site "Florianópolis - Santa Catari"]
[Date "2023.01.26"]
[Round "5.212"]
[White "Dionisio, Alex Monteiro"]
[Black "Vieira, Luiza Lessing"]
[Result "1-0"]
[WhiteElo "1616"]
[BlackElo "1231"]
[PlyCount "125"]
[EventDate "2023.01.23"]
[EventRounds "10"]
[EventCountry "BRA"]

1. e4 c5 2. Nf3 d6 3. Bb5+ Nc6 4. d4 Bd7 5. Bxc6 bxc6 6. dxc5 Bg4 7. cxd6 Bxf3
8. Qxf3 Qxd6 9. O-O e5 10. Rd1 Qf6 11. Qd3 Be7 12. Qd7+ Kf8 13. Qb7 Re8 14.
Qxa7 h5 15. Be3 h4 16. h3 g5 17. Bc5 Qg6 18. Bxe7+ Nxe7 19. Qe3 g4 20. Nc3 f5
21. hxg4 Qxg4 22. Qh3 Qg6 23. exf5 Nxf5 24. Rd7 e4 25. Re1 Qe6 26. Rdd1 e3 27.
fxe3 Qg6 28. Rf1 Kg7 29. Qxf5 Qxf5 30. Rxf5 Kg6 31. Rf3 Re6 32. Ne2 Kg5 33. Nf4
Re5 34. Rd6 Ra5 35. a3 Rg8 36. Rxc6 Ra7 37. Nd3 Rd8 38. e4 Re7 39. e5 Rde8 40.
a4 Ra8 41. b3 Ra5 42. e6 Raa7 43. Nf4 Ra5 44. Nh3+ Kg6 45. Rf4 Kh5 46. Rf7 Re8
47. e7 Re5 48. b4 Re4 49. c3 R4xe7 50. Rxe7 Rxe7 51. a5 Ra7 52. a6 Kg4 53. Kh2
Kf5 54. b5 Ke5 55. b6 Rxa6 56. b7 Rxc6 57. b8=Q+ Kd5 58. Qb3+ Kd6 59. Nf4 Kc7
60. Nd5+ Kd6 61. c4 Ke5 62. Qe3+ Kd6 63. Qe7# 1-0

[Event "IX Floripa Chess Open Fort Atacadista"]
[Site "Florianópolis - Santa Catari"]
[Date "2023.01.26"]
[Round "5.213"]
[White "Da Costa, Evelyn Maria Fuck"]
[Black "Ferreira, Carlos Eduardo"]
[Result "0-1"]
[WhiteElo "1220"]
[BlackElo "1585"]
[PlyCount "46"]
[EventDate "2023.01.23"]
[EventRounds "10"]
[EventCountry "BRA"]

1. d4 d5 2. c4 e6 3. Nf3 Nf6 4. g3 c5 5. dxc5 Bxc5 6. cxd5 exd5 7. Bg2 O-O 8.
O-O Nc6 9. Qc2 Bb6 10. Nc3 h6 11. a3 Re8 12. e3 Bg4 13. b4 Rc8 14. Qb3 d4 15.
Na4 dxe3 16. Nxb6 exf2+ 17. Rxf2 Qxb6 18. Kf1 Bxf3 19. Bxf3 Nd4 20. Qa2 Nxf3
21. Rxf3 Qb5+ 22. Kg1 Re1+ 23. Kf2 Qf1# 0-1

[Event "IX Floripa Chess Open Fort Atacadista"]
[Site "Florianópolis - Santa Catari"]
[Date "2023.01.26"]
[Round "5.214"]
[White "Jurado, Laura Alves"]
[Black "Belina, Jose Carlos Fernand"]
[Result "0-1"]
[WhiteElo "1186"]
[BlackElo "1546"]
[PlyCount "122"]
[EventDate "2023.01.23"]
[EventRounds "10"]
[EventCountry "BRA"]

1. d4 Nf6 2. Bf4 d5 3. e3 c5 4. c3 Nc6 5. Bd3 e6 6. Nf3 Bd6 7. Bg3 O-O 8. Ne5
Bxe5 9. dxe5 Nd7 10. f4 Qb6 11. Qe2 f6 12. exf6 Nxf6 13. O-O c4 14. Bc2 Kh8 15.
b3 Bd7 16. Nd2 cxb3 17. axb3 Rac8 18. Bh4 Na5 19. Qd3 Bb5 20. c4 dxc4 21. bxc4
Rcd8 22. Qc3 Rxd2 23. Qxd2 Nxc4 24. Qd4 Nxe3 25. Qxb6 axb6 26. Rfc1 Nfd5 27. g3
Kg8 28. Be4 Bc6 29. Re1 Kf7 30. Bxd5 Nxd5 31. Re5 b5 32. f5 exf5 33. Rxf5+ Kg8
34. Rxf8+ Kxf8 35. Bg5 Kf7 36. Bd2 Ke6 37. Kf2 Kd6 38. Ke2 Kc5 39. Kd3 b4 40.
Rc1+ Kb5 41. Kd4 Ka4 42. Kc4 Ka3 43. Rb1 Ka2 44. Re1 b3 45. Bc3 b5+ 46. Kd3
Nxc3 47. Kxc3 b4+ 48. Kxb4 b2 49. Kc5 Ba8 50. Kd6 b1=Q 51. Rxb1 Kxb1 52. Ke6 g6
53. Kf6 Be4 54. Kg7 h5 55. Kf6 Kc2 56. Ke5 Bf5 57. Kf4 Kd2 58. Kf3 Kd3 59. h4
Bg4+ 60. Kf4 Ke2 61. Kg5 Bf5 0-1

[Event "IX Floripa Chess Open Fort Atacadista"]
[Site "Florianópolis - Santa Catari"]
[Date "2023.01.26"]
[Round "5.215"]
[White "Nobre, Jose Adalberto Barb"]
[Black "Amorim Filho, Robson Bezerra"]
[Result "0-1"]
[WhiteElo "1542"]
[BlackElo "1216"]
[PlyCount "38"]
[EventDate "2023.01.23"]
[EventRounds "10"]
[EventCountry "BRA"]

1. e4 c5 2. Nc3 a6 3. Nf3 e6 4. Be2 d5 5. d3 d4 6. Nb1 Nc6 7. O-O Bd6 8. Nbd2
b5 9. Re1 Qc7 10. Bf1 Nge7 11. g3 h5 12. Qe2 Ng6 13. e5 Ncxe5 14. Nxe5 Nxe5 15.
Bg2 Bb7 16. Ne4 Be7 17. Nxc5 Bxg2 18. Kxg2 Qc6+ 19. Qe4 Bxc5 0-1

[Event "IX Floripa Chess Open Fort Atacadista"]
[Site "Florianópolis - Santa Catari"]
[Date "2023.01.26"]
[Round "5.216"]
[White "Ludtke, Ezequiel Rodrigues"]
[Black "Roeder, Larissa Taina"]
[Result "0-1"]
[WhiteElo "1538"]
[BlackElo "1209"]
[PlyCount "56"]
[EventDate "2023.01.23"]
[EventRounds "10"]
[EventCountry "BRA"]

1. e4 c5 2. Qe2 e6 3. g3 Nc6 4. Bg2 d6 5. c3 Be7 6. d3 Bd7 7. Nf3 Nf6 8. Be3 h6
9. Nbd2 b5 10. O-O a5 11. h3 b4 12. Nh2 O-O 13. f4 Re8 14. Qf3 Rf8 15. g4 Nh7
16. Rf2 f5 17. exf5 exf5 18. gxf5 Rxf5 19. Ne4 Rc8 20. Kh1 Ne5 21. Qe2 Ng6 22.
Rg1 Qf8 23. Qg4 Qe8 24. Qg3 Bh4 25. Qf3 Bxf2 26. Nxd6 Qxe3 27. Nxf5 Qxf3 28.
Bxf3 Bxg1 0-1

[Event "IX Floripa Chess Open Fort Atacadista"]
[Site "Florianópolis - Santa Catari"]
[Date "2023.01.26"]
[Round "5.217"]
[White "De Almeida, Olivan Duarte"]
[Black "Toffoli, Vanessa"]
[Result "0-1"]
[WhiteElo "1516"]
[BlackElo "1202"]
[PlyCount "72"]
[EventDate "2023.01.23"]
[EventRounds "10"]
[EventCountry "BRA"]

1. e4 c5 2. Nf3 d6 3. c3 Nf6 4. Be2 Nc6 5. d4 cxd4 6. Nxd4 e5 7. Nxc6 bxc6 8.
Qc2 Be7 9. O-O O-O 10. Nd2 Qc7 11. c4 Bb7 12. b3 c5 13. Bd3 Nh5 14. g3 Qc6 15.
Be2 Nf6 16. f3 Ne8 17. Rf2 Bc8 18. g4 g6 19. Nf1 f5 20. Bh6 Rf7 21. gxf5 gxf5
22. Rg2+ Kh8 23. Ne3 d5 24. Bg5 Bxg5 25. Rxg5 Qh6 26. h4 Qxh4 27. Rg2 fxe4 28.
fxe4 Bh3 29. Nf5 Rxf5 30. exf5 Qd4+ 31. Kh2 Bxg2 32. Rg1 Be4 33. Qc1 Qf2+ 34.
Kh3 Qxe2 35. Qg5 Qf3+ 36. Kh4 Qf4+ 0-1

[Event "IX Floripa Chess Open Fort Atacadista"]
[Site "Florianópolis - Santa Catari"]
[Date "2023.01.26"]
[Round "5.218"]
[White "Pereira, Francisco Neris"]
[Black "De Fassio, Davi Dos Santos"]
[Result "1-0"]
[WhiteElo "1482"]
[BlackElo "1200"]
[PlyCount "81"]
[EventDate "2023.01.23"]
[EventRounds "10"]
[EventCountry "BRA"]

1. d4 Nf6 2. Nf3 g6 3. g3 Bg7 4. Bg2 d6 5. O-O O-O 6. c4 Nbd7 7. Nc3 e5 8. e4
exd4 9. Nxd4 Nc5 10. Bg5 Ne6 11. Be3 Nxd4 12. Bxd4 Be6 13. b3 c5 14. Be3 a6 15.
Rc1 Ng4 16. Bf4 Ne5 17. Qd2 Bh3 18. Bxe5 Bxg2 19. Bxg7 Kxg7 20. Kxg2 b5 21. Nd5
Re8 22. Rfe1 bxc4 23. bxc4 h5 24. h4 Re5 25. Qc3 Kh6 26. Qf3 f5 27. exf5 Rxf5
28. Qe3+ Kh7 29. Qe7+ Qxe7 30. Rxe7+ Kh6 31. Rb1 g5 32. Re6+ Kh7 33. Rb7+ Kh8
34. Rh6+ Kg8 35. Nf6+ Rxf6 36. Rxf6 gxh4 37. gxh4 Rd8 38. Rff7 d5 39. cxd5 Rxd5
40. Rfd7 Rxd7 41. Rxd7 1-0

[Event "IX Floripa Chess Open Fort Atacadista"]
[Site "Florianópolis - Santa Catari"]
[Date "2023.01.26"]
[Round "5.219"]
[White "Poli, Maria Luiza De Oliv"]
[Black "Pimentel, Lucas Dos Santos"]
[Result "0-1"]
[WhiteElo "1156"]
[BlackElo "1470"]
[PlyCount "46"]
[EventDate "2023.01.23"]
[EventRounds "10"]
[EventCountry "BRA"]

1. e4 c5 2. Nf3 g6 3. d4 cxd4 4. Nxd4 Bg7 5. Nc3 Nc6 6. Be3 Nf6 7. f3 d5 8. Bb5
Qd6 9. Qd3 O-O 10. exd5 Nb4 11. Qd2 Nfxd5 12. Ne4 Qb6 13. c3 Nxe3 14. cxb4 Bxd4
15. Bd3 Bf5 16. a3 Rad8 17. Qe2 Bxb2 18. Ra2 Bxe4 19. fxe4 Bc3+ 20. Kf2 Ng4+
21. Kg3 Be5+ 22. Kh3 Nf2+ 23. Kh4 Qf6# 0-1

[Event "IX Floripa Chess Open Fort Atacadista"]
[Site "Florianópolis - Santa Catari"]
[Date "2023.01.26"]
[Round "5.220"]
[White "Navarro Canete, Facundo Javier"]
[Black "Mendes, Ana Beatriz Dias Gu"]
[Result "0-1"]
[WhiteElo "1148"]
[BlackElo "1464"]
[PlyCount "132"]
[EventDate "2023.01.23"]
[EventRounds "10"]
[EventCountry "BRA"]

1. e4 c5 2. Nf3 g6 3. c3 Nc6 4. d4 cxd4 5. cxd4 Bg7 6. Nc3 d6 7. h3 Nf6 8. Bc4
Qa5 9. Bd2 a6 10. Nd5 Qd8 11. Nxf6+ Bxf6 12. Bc3 O-O 13. a4 Bd7 14. O-O Rc8 15.
Ba2 Na5 16. Re1 Nc4 17. Qd3 b5 18. axb5 Bxb5 19. Qd1 Qb6 20. Rc1 Rc7 21. Bxc4
Bxc4 22. e5 Bg7 23. Qd2 Rcc8 24. exd6 exd6 25. Ba5 Qb5 26. Bc3 Qh5 27. Qd1 Qf5
28. Nh4 Qd5 29. Qf3 Qg5 30. Qg3 Qxg3 31. fxg3 d5 32. Nf3 Bh6 33. Ra1 f6 34. Nd2
Bb5 35. Nf3 Rfe8 36. Rxe8+ Rxe8 37. Re1 Rxe1+ 38. Nxe1 Be3+ 39. Kh2 Kf7 40. Nc2
Bc1 41. Kg1 Ke6 42. Kf2 Kf5 43. Kf3 Ke6 44. Na3 Ba4 45. g4 Bd1+ 46. Kf2 f5 47.
gxf5+ Kxf5 48. Ke1 Ba4 49. g3 Ke4 50. Ke2 Be3 51. Nb1 Bb5+ 52. Ke1 Bxd4 53.
Nd2+ Kd3 54. Bxd4 Kxd4 55. Kd1 Ke3 56. Ke1 d4 57. h4 h5 58. b3 d3 59. b4 Kd4
60. Kd1 Ba4+ 61. Ke1 Kc3 62. Ne4+ Kxb4 63. Kd2 Bc2 64. Nc3 a5 65. Nd5+ Kb3 66.
Nc3 a4 0-1

[Event "IX Floripa Chess Open Fort Atacadista"]
[Site "Florianópolis - Santa Catari"]
[Date "2023.01.26"]
[Round "5.221"]
[White "Fernandini, Felipe Piacente"]
[Black "Kim, Andre"]
[Result "1-0"]
[WhiteElo "1451"]
[BlackElo "1198"]
[PlyCount "71"]
[EventDate "2023.01.23"]
[EventRounds "10"]
[EventCountry "BRA"]

1. e4 e5 2. Nf3 Nc6 3. d4 exd4 4. Nxd4 d6 5. Nc3 Nf6 6. Bc4 Bd7 7. Bf4 Be7 8.
Nxc6 Bxc6 9. f3 O-O 10. Qd2 Qd7 11. O-O-O Rfd8 12. Qe2 Qe8 13. g4 Nd7 14. Nd5
Bxd5 15. Bxd5 c6 16. Bb3 Nc5 17. h4 Nxb3+ 18. axb3 g6 19. g5 d5 20. exd5 Rxd5
21. Rxd5 cxd5 22. h5 Bf8 23. Qh2 Qe7 24. Kb1 Re8 25. hxg6 fxg6 26. Be5 Qf7 27.
f4 Re7 28. Qh3 Rd7 29. Rf1 Bg7 30. Bxg7 Qxg7 31. f5 gxf5 32. Rxf5 Qe7 33. Qg3
a6 34. g6 hxg6 35. Qxg6+ Qg7 36. Qe8+ 1-0

[Event "IX Floripa Chess Open Fort Atacadista"]
[Site "Florianópolis - Santa Catari"]
[Date "2023.01.26"]
[Round "5.222"]
[White "Ramos, Fernanda Cabreira"]
[Black "Koinski, Carlos Cesar"]
[Result "1-0"]
[WhiteElo "1136"]
[BlackElo "1450"]
[PlyCount "126"]
[EventDate "2023.01.23"]
[EventRounds "10"]
[EventCountry "BRA"]

1. d4 Nf6 2. c4 c6 3. g3 e6 4. Nf3 d5 5. Nbd2 Qa5 6. cxd5 Nxd5 7. Bg2 g6 8. O-O
Qd8 9. e4 Nf6 10. e5 Nd5 11. Ne4 h6 12. b3 b6 13. Bd2 Bb7 14. Nc3 Nd7 15. Nxd5
cxd5 16. Rc1 Nb8 17. Re1 Nc6 18. Bf1 a6 19. Qc2 Rc8 20. Qb2 g5 21. a4 Be7 22.
Red1 Kf8 23. Be3 Kg7 24. Rc2 Qf8 25. b4 Na7 26. Rxc8 Nxc8 27. a5 b5 28. Rc1 Na7
29. Ne1 Nc6 30. Nd3 Qa8 31. Qc3 Rc8 32. Qb2 Qa7 33. Bg2 Ba8 34. Bh3 Bb7 35. f4
gxf4 36. gxf4 Rg8 37. Kh1 Qb8 38. f5 exf5 39. Bxf5 Bg5 40. Bxg5 hxg5 41. Qg2
Nxd4 42. Qxg5+ Kf8 43. Qh6+ Ke7 44. Qh4+ Ke8 45. Qxd4 Qd8 46. Rg1 Rxg1+ 47.
Kxg1 Qg5+ 48. Qg4 Qe3+ 49. Kf1 d4 50. Qe2 Qh6 51. Be4 Bc8 52. Ke1 Qh4+ 53. Kd1
Bg4 54. Bf3 Bxf3 55. Qxf3 Qxh2 56. Qc6+ Kf8 57. Qd6+ Kg7 58. Qxd4 Qh1+ 59. Kd2
Qg2+ 60. Qf2 Qd5 61. Qf6+ Kf8 62. Qd6+ Qxd6 63. exd6 Ke8 1-0

[Event "IX Floripa Chess Open Fort Atacadista"]
[Site "Florianópolis - Santa Catari"]
[Date "2023.01.26"]
[Round "5.223"]
[White "Ribeiro, Erica De Jesus"]
[Black "De Bortolo, Artur Mattos"]
[Result "1/2-1/2"]
[WhiteElo "1445"]
[BlackElo "1181"]
[PlyCount "96"]
[EventDate "2023.01.23"]
[EventRounds "10"]
[EventCountry "BRA"]

1. e4 e6 2. d4 d5 3. Nd2 Nf6 4. e5 Nfd7 5. f4 c5 6. c3 Nc6 7. Ndf3 Qb6 8. Ne2
cxd4 9. cxd4 Bb4+ 10. Nc3 O-O 11. a3 Be7 12. Be2 Re8 13. O-O Nf8 14. Kh1 h6 15.
b4 Bd7 16. Na4 Qc7 17. Nc5 Bxc5 18. bxc5 b6 19. Qc2 Rec8 20. Ba6 Re8 21. Be3
bxc5 22. Qxc5 Qa5 23. Qxa5 Nxa5 24. Nd2 Rab8 25. Rab1 Ba4 26. Bd3 Rec8 27. Rxb8
Rxb8 28. Rc1 Nc6 29. Rb1 Rxb1+ 30. Nxb1 Na5 31. Nc3 Bc6 32. Nb5 Bxb5 33. Bxb5
Nc4 34. Bc1 Ng6 35. g3 Ne7 36. Kg1 Nf5 37. Bxc4 dxc4 38. Bb2 Ne3 39. a4 Nd1 40.
Ba3 Nc3 41. Kf1 Nxa4 42. Ke1 Kh7 43. Kd2 Kg6 44. g4 f5 45. h3 Kf7 46. Kc2 Nb6
47. Bc1 g6 48. Kc3 a5 1/2-1/2

[Event "IX Floripa Chess Open Fort Atacadista"]
[Site "Florianópolis - Santa Catari"]
[Date "2023.01.26"]
[Round "5.224"]
[White "Solaeche G., Axel Jose"]
[Black "Rey, Antonio"]
[Result "1/2-1/2"]
[WhiteElo "1106"]
[BlackElo "1434"]
[PlyCount "51"]
[EventDate "2023.01.23"]
[EventRounds "10"]
[EventCountry "BRA"]

1. Nf3 d5 2. c4 e6 3. e3 Nf6 4. d4 Be7 5. Nc3 Nbd7 6. c5 b6 7. c6 Nb8 8. Ne5
Bb4 9. Bd2 Bxc3 10. Bxc3 Qd6 11. Qb3 O-O 12. Bb4 Qd8 13. Bxf8 Qxf8 14. Bd3 a5
15. a4 Na6 16. Qa3 Nb4 17. O-O Ba6 18. Bxa6 Rxa6 19. Rac1 Qe8 20. f3 Ra8 21. g3
h6 22. Rc3 Nh7 23. Rfc1 f6 24. Nd3 Qf7 25. R1c2 e5 26. Nxb4 1/2-1/2

[Event "IX Floripa Chess Open Fort Atacadista"]
[Site "Florianópolis - Santa Catari"]
[Date "2023.01.26"]
[Round "5.225"]
[White "Barbosa, Rafael Santos"]
[Black "Leite, Gina Dourado Rocha"]
[Result "1-0"]
[WhiteElo "1816"]
[BlackElo "1430"]
[PlyCount "70"]
[EventDate "2023.01.23"]
[EventRounds "10"]
[EventCountry "BRA"]

1. d4 d5 2. c4 c6 3. cxd5 Qxd5 4. Nc3 Qd8 5. Bf4 Nf6 6. e3 Bf5 7. Nf3 Nbd7 8.
Bd3 e6 9. Bxf5 exf5 10. O-O b5 11. Qc2 g6 12. Ne5 Qe7 13. Nxc6 Qe6 14. Ne5 b4
15. Ne2 Bg7 16. Nxd7 Qxd7 17. Be5 O-O 18. Bxf6 Rac8 19. Qd2 Bxf6 20. Qxb4 Be7
21. Qd2 Rc5 22. Rac1 Rfc8 23. Rxc5 Bxc5 24. Rc1 Bd6 25. Rxc8+ Qxc8 26. Qc3 Qb8
27. h3 h5 28. Qb3 Qd8 29. Nc3 Bb8 30. Qd5 Qe8 31. Qc5 Qd8 32. a3 f4 33. Qd5 Qe7
34. Qe4 Qd8 35. exf4 a5 1-0

[Event "IX Floripa Chess Open Fort Atacadista"]
[Site "Florianópolis - Santa Catari"]
[Date "2023.01.26"]
[Round "5.226"]
[White "Santana, Expedito"]
[Black "Ramos, Rafael Cabreira"]
[Result "0-1"]
[WhiteElo "1421"]
[BlackElo "1161"]
[PlyCount "102"]
[EventDate "2023.01.23"]
[EventRounds "10"]
[EventCountry "BRA"]

1. b4 f5 2. Bb2 e6 3. Nf3 d5 4. d3 Nf6 5. a3 c6 6. Nbd2 Bd6 7. c4 O-O 8. e3 Bd7
9. Ne5 Be8 10. Ndf3 Bh5 11. Be2 Nbd7 12. O-O Bxf3 13. Nxf3 Qe7 14. Qc2 e5 15.
d4 e4 16. Ne5 Nxe5 17. dxe5 Bxe5 18. Bxe5 Qxe5 19. cxd5 cxd5 20. h3 Rac8 21.
Qd2 Qc3 22. Qxc3 Rxc3 23. Rfd1 Rfc8 24. Rd2 Rc1+ 25. Rxc1 Rxc1+ 26. Kh2 Rc3 27.
Ra2 Kf8 28. Kg3 g5 29. Kh2 f4 30. exf4 gxf4 31. a4 d4 32. Rd2 d3 33. Bf1 Rc2
34. Rd1 d2 35. Be2 e3 36. fxe3 fxe3 37. Kg3 Nd5 38. Kf3 Nc3 39. Kxe3 Nxd1+ 40.
Bxd1 Rb2 41. b5 Ke7 42. Kd3 Ra2 43. Bc2 Ra3+ 44. Kxd2 h6 45. Ke1 Kf6 46. Kf1
Ke5 47. Kg1 Kd4 48. Kh2 b6 49. Bd1 Kd3 50. Bf3 Rxa4 51. Kg3 Kd4 0-1

[Event "IX Floripa Chess Open Fort Atacadista"]
[Site "Florianópolis - Santa Catari"]
[Date "2023.01.26"]
[Round "5.227"]
[White "Monteiro, Helen Ramazzotte"]
[Black "Altenhofen, Guilherme Graneto"]
[Result "1-0"]
[WhiteElo "1412"]
[BlackElo "1146"]
[PlyCount "113"]
[EventDate "2023.01.23"]
[EventRounds "10"]
[EventCountry "BRA"]

1. c4 e6 2. Nc3 Nf6 3. g3 Be7 4. Bg2 d5 5. cxd5 exd5 6. e3 c6 7. Nf3 Bg4 8. O-O
O-O 9. d3 Nbd7 10. Qc2 Re8 11. Rb1 Rc8 12. b4 Qc7 13. Bd2 Ne5 14. Nxe5 Qxe5 15.
d4 Qe6 16. Rfc1 Bf5 17. e4 Nxe4 18. Nxe4 Bxe4 19. Bxe4 Qxe4 20. Qb2 Bf6 21. Be3
Qd3 22. Rc2 Be7 23. Rbc1 Qb5 24. Qb3 Qxb4 25. Qxb4 Bxb4 26. Rb1 a5 27. a3 Bxa3
28. Rxb7 g6 29. Rb6 Re6 30. Bd2 Ra8 31. Ra2 Re2 32. Kf1 Rae8 33. Rxa3 Rxd2 34.
Rxc6 Rxd4 35. Rxa5 Rd1+ 36. Kg2 Rd8 37. Rcc5 Kg7 38. Kf3 h5 39. h4 d4 40. Rd5
Rxd5 41. Rxd5 d3 42. Ke3 Kh6 43. Rxd3 Rxd3+ 44. Kxd3 f6 45. f4 g5 46. Ke4 Kg6
47. f5+ Kf7 48. Kd5 Ke7 49. Kc6 g4 50. Kc7 Kf7 51. Kd7 Kf8 52. Ke6 Kg7 53. Ke7
Kg8 54. Kxf6 Kf8 55. Kg6 Kg8 56. Kxh5 Kf7 57. Kxg4 1-0